00527 2200205 4500001002100000005001700021008004100038035002400079082001000103090001700113100001100130245006400141260003000205300001900235650001800254850001300272980001500285985000600300999001500306YOGYA-0209000002082320090227023449.0 ind  0010-020900000020823 a641.5 a641.5bRos M aROSALI aMenyajikan Aneka Ragam Hidangan Sehat KeluargacM. A Rosali aPekalonganbBahagiac1992 a108 hlmc21 cm aResep makanan aYOPDYOGB a19-07-2006 a1 a96POO81613